Reflexiones, OMC en Cancún /

Gespeichert in:
Bibliographische Detailangaben
1. Verfasser: Sobarzo, Horacio
Format: Text
Schlagworte:
Tags: Tag hinzufügen
Keine Tags, Fügen Sie den ersten Tag hinzu!

MARC

LEADER 00000 a a2200000 04500
001 42403
003
040
100 |a Sobarzo, Horacio  
245 |a Reflexiones, OMC en Cancún /  |c Horacio Sobarzo  
650 |a OMC  
650 |a NEGOCIACIONES COMERCIALES  
650 |a SUBSIDIOS  
650 |a AGRICULTURA  
650 |a PAISES EN DESARROLLO  
650 |a PAISES DESARROLLADOS  
773 |g volumen34, número133 (2003), Páginas 181-186  
999 |c 39568  |d 39568